Negotiating with the Chinese 1846-1987: Problems and perspectives (with an epilogue):H K Barpujari endowment lectures (Record no. 70678)

MARC details
000 -LEADER
fixed length control field 00482nam a2200157Ia 4500
008 - FIXED-LENGTH DATA ELEMENTS--GENERAL INFORMATION
fixed length control field 230917s9999||||xx |||||||||||||| ||und||
020 ## - ISBN
Price RS250
040 ## - CATALOGING SOURCE
-- 8975
Original cataloging agency VIVEKANANDA LIBRARY
041 ## - Language
-- English
082 ## - DDC NUMBER
Classification number 327.51 M474M
100 ## - MAIN ENTRY--PERSONAL NAME
Personal name Mehra, Parshotam
245 #0 - TITLE STATEMENT
Title Negotiating with the Chinese 1846-1987: Problems and perspectives (with an epilogue):H K Barpujari endowment lectures
260 ## - PUBLICATION, DISTRIBUTION, ETC. (IMPRINT)
Place of publication, distribution, etc New Delhi
Name of publisher, distributor, etc Reliance Publishing House
Date of publication, distribution, etc 1989
300 ## - PHYSICAL DESCRIPTION
Pages xv, 316 p.
942 ## - ADDED ENTRY ELEMENTS (KOHA)
Koha item type Books
Holdings
Withdrawn status Lost status Damaged status Not for loan Location (home branch) Sublocation or collection (holding branch) Date acquired Koha issues (times borrowed) Koha full call number Accession No. Koha date last seen Koha item type
        VIVEKANANDA LIBRARY VIVEKANANDA LIBRARY 08/08/2002   327.51 M474M 144174 17/09/2023 Books
© Designed and Maintained by Vivekananda Library, MDU Rohtak